000
00248nam a2200097Ia 4500
001
1050370
005
20250827001207.0
008
250824s9999 xx 000 0 und d
245
0
_a
SON DÜNYA DÜZENİ
_c
ERHAN AFYONCU
260
_b
YEDİTEPE YAYINLARI
999
_c
1050370
_d
1050370